000 00338nam a22001337a 4500
008 171009b xxu||||| |||| 00| 0 eng d
020 _a9780131184299
041 _aeng
080 _27 ED
_a159.9
100 _a49
101 _aPSI
245 _aPARENT CHILD RELATIONS AN INTRODUCTION TO PARETING
_cBIGNER.J.J
942 _2udc
_cBK
999 _c32524
_d32524